Guess These Countries Capitals #1 - Statistics

General Stats
  • This quiz has been taken 17 times
  • The average score is 11 of 15
Answer Stats
Country Answer % Correct
Russia Moscow
100%
Japan Tokyo
100%
Greece Athens
93%
Egypt Cairo
93%
Australia Canberra
93%
Ireland Dublin
93%
Cuba Havana
79%
Taiwan Taipei
79%
Indonesia Jakarta
71%
Ecuador Quito
71%
Malaysia Kuala Lumpur
64%
Chile Santiago
64%
Lithuania Vilnius
57%
Costa Rica San Jose
50%
Nigeria Abuja
36%
No matching quizzes found
Score Distribution
Percent of People with Each Score
Percentile by Number Answered
Your Score History
You have not taken this quiz